Biogas in brownfield site-cause for concern? (Record no. 70173)
[ view plain ]
| 000 -LEADER | |
|---|---|
| fixed length control field | 01123cam a2200253 4500 |
| 001 - CONTROL NUMBER | |
| control field | ABS65377 |
| 008 - FIXED-LENGTH DATA ELEMENTS--GENERAL INFORMATION | |
| fixed length control field | 020507n2002 000 0 eng u |
| 035 ## - SYSTEM CONTROL NUMBER | |
| System control number | (Sirsi) u117846 |
| 100 ## - MAIN ENTRY--PERSONAL NAME | |
| Personal name | Parker, A. |
| 245 ## - TITLE STATEMENT | |
| Title | Biogas in brownfield site-cause for concern? |
| 260 ## - PUBLICATION, DISTRIBUTION, ETC. | |
| Date of publication, distribution, etc. | 2002 |
| 490 ## - SERIES STATEMENT | |
| Series statement | Wastes Management |
| Volume/sequential designation | April 2002, 60(1) |
| 520 ## - SUMMARY, ETC. | |
| Summary, etc. | Calls for guidelines from Department of Environment, Transport and the Regions to correlate methane concentrations and emission rates so that many brownfield sites presently blighted by 1991 information could be safely released for redevelopment. This would reduce use of greenfield sites by developers. Previous research was based on measurement of gas concentrations whereas recent developments can consider the rate at which biogas escapes from the site and possible into buildings. Table |
| 590 ## - LOCAL NOTE (RLIN) | |
| Local note | ABS |
| 650 ## - SUBJECT ADDED ENTRY--TOPICAL TERM | |
| Topical term or geographic name entry element | BROWNFIELD SITES |
| 650 ## - SUBJECT ADDED ENTRY--TOPICAL TERM | |
| Topical term or geographic name entry element | CONTAMINATED LAND |
| 650 ## - SUBJECT ADDED ENTRY--TOPICAL TERM | |
| Topical term or geographic name entry element | REMEDIATION |
| 650 ## - SUBJECT ADDED ENTRY--TOPICAL TERM | |
| Topical term or geographic name entry element | BIOGAS |
| 650 ## - SUBJECT ADDED ENTRY--TOPICAL TERM | |
| Topical term or geographic name entry element | WASTE INDUSTRY |
| 690 ## - LOCAL SUBJECT ADDED ENTRY--TOPICAL TERM (OCLC, RLIN) | |
| Topical term or geographic name as entry element | ENVIRONMENT-CONTAMINATION |
| 700 ## - ADDED ENTRY--PERSONAL NAME | |
| Personal name | Sladen, J.A. |
| 700 ## - ADDED ENTRY--PERSONAL NAME | |
| Personal name | Dorrell, .G.L. |
| 942 ## - ADDED ENTRY ELEMENTS (KOHA) | |
| Suppress in OPAC | 0 |
| Withdrawn status | Lost status | Source of classification or shelving scheme | Damaged status | Not for loan | Home library | Current library | Shelving location | Date acquired | Total Checkouts | Full call number | Barcode | Date last seen | Copy number | Price effective from | Koha item type |
|---|---|---|---|---|---|---|---|---|---|---|---|---|---|---|---|
| Dewey Decimal Classification | London | London | Journal article | 07/05/2002 | ABS65377 | 117846-1001 | 06/08/2019 | 1 | 06/08/2019 | Journal article |